Social engineering the science of human hacking

Saved in:
Bibliographic Details
Main Author: Hadnagy, Christopher (Author)
Format: Book
Language:English
Published: Indianapolis, IN John Wiley & Sons, Inc. [2018]
Edition:Second edition
Subjects:
Tags: Add Tag
No Tags, Be the first to tag this record!
Call Number :HM 668 .H33 2018

MARC

LEADER 00000nam a2200000 c 4500
001 51403
003 MY-KLNDU
005 20241219013934.0
008 221104 20182018inua 001 0 eng d
020 |a 9781119433385 
020 |z 978119433750 (ebk) 
020 |z 9781119433736 (ebk) 
039 9 |a 202211041217  |b VLOAD  |c 202002061155  |d faezah  |y 201904030945  |z helmey 
040 |a UPNM  |b eng  |c UPNM  |e rda 
090 |a HM 668  |b .H33 2018 
100 1 |a Hadnagy, Christopher  |e author 
245 1 0 |a Social engineering  |b the science of human hacking  |c Christopher Hadnagy ; foreword by Steve "Woz" Wozniak 
250 |a Second edition 
264 1 |a Indianapolis, IN  |b John Wiley & Sons, Inc.  |c [2018] 
264 4 |c © 2018 
300 |a xxii, 297 pages  |b illustrations  |c 24 cm 
336 |a text  |2 rdacontent 
337 |a unmediated  |2 rdamedia 
338 |a volume  |2 rdacarrier 
500 |a Includes index 
592 |a 00101/HL/2019 (750)  |b 30/9/2019  |c RM 159.32  |h Han Lin Books 
650 0 |a Social engineering 
999 |a vtls000063161  |c 51403  |d 51403